| 000 | 01520nam a2200349 a 4500 | ||
|---|---|---|---|
| 001 | 000002429 | ||
| 005 | 20200929150208.0 | ||
| 008 | 090702s1996 sp ac 001 0 spa d | ||
| 020 | _a8486168910 | ||
| 040 |
_aDO-SdBNP _bspa _cBNPHU |
||
| 082 |
_a002 _bH673i |
||
| 245 | 0 | 0 |
_aHistoria ilustrada del libro español / _cbajo la dirección de Hipólito Escolar. |
| 260 |
_aMadrid : _bFundación Germán Sánchez Ruipérez: _bEdiciones Pirámide, _c1996. |
||
| 300 |
_a3 v. : _bil., retrs. ; _c26 cm. |
||
| 490 | 1 |
_aBiblioteca del libro ; _vv. 54, 60 y 66 |
|
| 505 | 2 | _av.1. Los manuscritos / colaboradores Manuel Carrión Gútiez ... [et al] -- v.2. De los incunables al siglo XVIII / colaboradores Juan Carrete Parrondo ... [et al.] -- v.3. La edición moderna. Siglos XIX y XX / colaboradores Jean-François Botrel ... [et al.]. | |
| 500 | _aIncluye índice. | ||
| 500 | _aIncluye referencias bibliográficas al final de cada capítulo. | ||
| 650 | 4 |
_aLibros _zEspaña _xHistoria _97683 |
|
| 650 | 4 |
_aLibros _ySIGLO XVIII _97684 |
|
| 650 | 4 |
_aImprenta _XHISTORIA _95083 |
|
| 650 | 4 |
_aManuscritos _zEspaña _97685 |
|
| 650 | 4 |
_aIncunables _97686 |
|
| 650 | 4 |
_aIluminación de libros y manuscritos _xEspañoles _97687 |
|
| 700 | 1 |
_aEscolar, Hipólito _97688 |
|
| 740 | 2 | _aLos manuscritos. | |
| 740 | 2 | _aDe los incunables al siglo XVIII. | |
| 740 | 2 | _aLa edición moderna. Siglos XIX y XX. | |
| 830 | 0 |
_aBiblioteca del libro _nno. 54, 60 y 66 _97689 |
|
| 910 | _aValidado. Control de calidad BNPHU | ||
| 049 | _aBNPD | ||
| 999 |
_c2265 _d2265 |
||